The Implementation of Country by Country Reporting in Central Europe

Bibliográfiai részletek
Szerző: Gúthy Eszter
További közreműködők: Dr. Kovácsné Dr. Sipos Dr Ágnes Margit
Dokumentumtípus: Diplomadolgozat
Kulcsszavak:Country-by-Country Reporting
Transfer pricing
BEPS Action 13
Online Access:http://dolgozattar.uni-bge.hu/16869

MARC

LEADER 00000nta a2200000 i 4500
001 dolg16869
005 20180516094847.0
008 180516suuuu hu om 000 eng d
040 |a BGE Dolgozattár Repozitórium  |b hun 
041 |a en 
100 1 |a Gúthy Eszter 
245 1 4 |a The Implementation of Country by Country Reporting in Central Europe  |c Gúthy Eszter  |h [elektronikus dokumentum] 
246 1 1 |a Az országonkénti jelentés implementációja Közép Európában  
246 1 1 |a The Implementation of Country by Country Reporting in Central Europe 
695 |a Country-by-Country Reporting 
695 |a Transfer pricing 
695 |a BEPS Action 13 
700 1 |a Dr. Kovácsné Dr. Sipos Dr Ágnes Margit  |e ths 
856 4 0 |u http://dolgozattar.uni-bge.hu/16869/1/The%20implementation%20of%20Country%20by%20Country%20Reporting%20in%20Central%20Europe_to%20print.pdf  |z Dokumentum-elérés